000 00952nam a22002177a 4500
999 _c15785
_d15785
003 MIRAKIL
005 20240325172145.0
008 240325b tu ||||| |||| 00| 0 tur d
020 _a9789751609113
040 _aTR-AnCHP
_cTR-AnCHP
041 _atur
082 _a818
_bG99 2020
245 1 0 _aGüzel yazılar :
_bgezi - hatıra : tıpkıbasım /
_chazırlayanlar: Prof. Dr. İsmail Parlatır, Prof. Dr. İnci Enginün, Prof. Dr. Orhan Okay, Prof. Dr. Zeynep Kerman, Prof. Dr. Kazım Yetiş [ve diğer biri]
260 _aAnkara :
_bAtatürk Kültür, Dil ve Tarih Yüksek Kurumu Türk Dil Kurumu Yayınları,
_c2020.
300 _a310 sayfa ;
_b21 cm.
490 0 _aAtatürk Kültür, Dil ve Tarih Yüksek Kurumu Türk Dil Kurumu yayınları ;
_v646.
490 0 _aGüzel yazılar dizisi ;
_v5.
650 0 _919
_aTürk edebiyatı
856 _zDijital Nüshası için Partimizin Kütüphane Sorumlusu ile iletişime geçiniz.
942 _2ddc
_cBKS